Statistics for Greek Mythology Trivia

Click here to take the quiz!

General Stats

  • This quiz has been taken 875 times
  • The average score is 8 of 11

Answer Stats

QuestionAnswer% Correct
Who was the goddess of wisdom?Athena
95%
What was the name of Hades' three-headed dog?Cerberus
89%
Who was Persephone's mother?Demeter
86%
What is the child of a god and a human called?demigod
85%
What Greek hero saved Andromeda from a sea monster?Perseus
76%
Who was Aphrodite's husband?Hephaestus
74%
Which hero was attacked by Scylla on his journey back home?Odysseus
74%
Who did Hermes steal cows from as a baby?Apollo
61%
What color were those cows?red
57%
What was the name of this hero's wife?Penelope
50%
What is the maximum velocity of an unladen swallow?African or European?
5%

Score Distribution

Percentile by Number Answered

Percent of People with Each Score

Your Score History

You have not taken this quiz